| 000 -LEADER |
| fixed length control field |
01861cam a2200217Ia 4500 |
| 020 ## - INTERNATIONAL STANDARD BOOK NUMBER |
| ISBN |
9789251063439 |
| 020 ## - INTERNATIONAL STANDARD BOOK NUMBER |
| ISBN |
9251063435 |
| 040 ## - CATALOGING SOURCE |
| Transcribing agency |
GUA |
| 082 ## - DEWEY DECIMAL CLASSIFICATION NUMBER |
| Classification number |
338 FOO 2009 A017 Or. |
| 245 04 - TITLE STATEMENT |
| Title |
The 2007-2008 food price swing : |
| Remainder of title |
impact and policies in Eastern and Southern Africa. |
| 246 3# - VARYING FORM OF TITLE |
| Title proper/short title |
Two thousand seven-two thousand eight food price swing impact and policies in Eastern and Southern Africa |
| 260 ## - PUBLICATION, DISTRIBUTION, ETC. (IMPRINT) |
| Place of publication |
Rome : |
| Name of publisher |
Food and Agriculture Organization of the United Nations, |
| Year of publication |
2009. |
| 300 ## - PHYSICAL DESCRIPTION |
| Number of Pages |
117 p. : |
| Other physical details |
ill. (some col.) ; |
| Dimensions |
30 cm. |
| 490 1# - SERIES STATEMENT |
| Series statement |
FAO commodities and trade technical paper ; |
| 520 ## - SUMMARY, ETC. |
| Summary, etc |
Between 2007 and 2008, the world experienced a dramatic swing in commodity prices. Eastern and Southern African countries experienced considerable difficulties due to the price food swing. The food price boom resulted in increased poverty and significant food security problems as households struggled to meet the high cost of food. The decline in exports due to weak demand, decreased foreign investment and migrant remittances, as well as high unemployment all added to the burden of already vulnerable African Countries. Policy reactions to the food price surge have been prompt in many developing countries. The key objective of this title is to discuss feasible approaches for the economic management of food price booms and slumps. As a first step to policy assessment, the paper also reviews the nature of the food price swing, analyzes its impact on both household and wider economy levels and examines the policies that have been, or are currently being implemented in Eastern and Southern Africa.--Publisher's description. |
| 650 #0 - SUBJECT ADDED ENTRY--TOPICAL TERM |
| Topical Term |
Food prices |
| 650 #0 - SUBJECT ADDED ENTRY--TOPICAL TERM |
| Topical Term |
Food prices |
| 710 2# - ADDED ENTRY--CORPORATE NAME |
| Corporate name or jurisdiction name as entry element |
Food and Agriculture Organization of the United Nations. |
| 856 11 - ELECTRONIC LOCATION AND ACCESS |
| Uniform Resource Identifier |
ftp://ftp.fao.org/docrep/fao/012/i0984e/i0984e00.pdf |
| 942 ## - ADDED ENTRY ELEMENTS (KOHA) |
| Koha item type |
សៀវភៅភាសាអង់គ្លេស |
| 952 ## - LOCATION AND ITEM INFORMATION (KOHA) |
| Withdrawn status [LOCAL, KOHA] |
0 |